| 000 | 00657pab a2200181 454500 | ||
|---|---|---|---|
| 008 | 180718b2000 xxu||||| |||| 00| 0 eng d | ||
| 100 | _aBalakrishnan, Pulapre | ||
| 245 | _aBudget 2000-2001: vision and illusion in fiscal correction | ||
| 260 | _c2000 | ||
| 300 | _ap.1137-139 | ||
| 362 | _a1 Apr | ||
| 520 | _aIn a bid to contain the fiscal deficit, the government has in this budget targeted outlay on subsidies. This note focuses on the likely consequences in the case of the food subsidy. - Reproduced | ||
| 650 | _aBudget - India | ||
| 650 | _aBudget | ||
| 700 | _aRamaswani, Bharat | ||
| 773 | _aEconomic and Political Weekly | ||
| 909 | _a44460 | ||
| 999 |
_c44460 _d44460 |
||